000 00754nam a2200241 i 4500
003 DO-SdBNP
005 20240822153804.0
007 ta
008 240822b2023 dr a|||| |||| 00| 0 spa d
020 _a9789945941814
040 _aDO-SdBNP
_bspa
_cBNPHU
_erda
245 0 0 _aRosa Duarte :
_bheroína trinitaria /
_ccompilador, Wilson Gómez Ramírez
250 _aTercera edición
264 _aSanto Domingo :
_bInstituto Duartiano,
_c2023
300 _a31 páginas :
_bilustraciones ;
_c14 cm.
336 _2rdacontent
_atexto
_btxt
337 _2rdamedia
_asin mediación
_bn
338 _2rdacarrier
_avolumen
_bnc
590 _aInventariado, 2024/BT
700 _aGómez Ramírez, Wilson,
_ecompilador
_985667
910 _aBtavárez
942 _2ddc
_cLF2
999 _c57533
_d57533